[Event "British Rapidplay"]
[Site "Peterborough"]
[Date "2025.03.01"]
[Round "2.50"]
[White "Fava, Lorenzo"]
[Black "Strugar, Ioan-Euzeb"]
[Result "1-0"]
[WhiteElo "2306"]
[BlackElo "1659"]
[PlyCount "83"]
[EventDate "2025.03.01"]
[EventType "swiss (rapid)"]
[EventRounds "11"]
[EventCountry "ENG"]
[SourceTitle "BritBase"]
[Source "John Saunders"]
[SourceDate "2025.03.03"]
[SourceVersion "1"]
[SourceVersionDate "2025.03.03"]
[SourceQuality "2"]

1. b3 d6 2. Bb2 e5 3. d4 Nd7 4. e4 c6 5. Nc3 Ngf6 6. h3 Qa5 7. Qd2 Be7 8. g4 d5 9. dxe5 Nxe5 10. g5 Nfd7 11. exd5 cxd5 12. Qxd5 Bb4 13. Qxa5 Bxa5 14. O-O-O Bb6 15. Nd5 O-O 16. f4 Nc6 17. Nf3 Nc5 18. Bg2 Bd8 19. Ba3 b6 20. Rhe1 Bb7 21. c4 Rc8 22. h4 Bc7 23. Nd4 Rfd8 24. Nxc6 Rxd5 25. Bxd5 Bxf4+ 26. Kb1 Bxc6 27. Bxc6 Bg3 28. Re8+ Rxe8 29. Bxe8 Ne6 30. Bd7 Bxh4 31. Bxe6 fxe6 32. Rd7 Bxg5 33. Bb2 g6 34. Rg7+ Kf8 35. Rxh7 Bf4 36. Rxa7 e5 37. Kc2 g5 38. Kd3 g4 39. Ke4 g3 40. Kf3 e4+ 41. Kxe4 g2 42. Bd4 1-0

[Event "British Rapidplay"]
[Site "Peterborough"]
[Date "2025.03.01"]
[Round "2.51"]
[White "Czopor, Maciej"]
[Black "Gupta, Leonardo"]
[Result "1-0"]
[WhiteElo "2412"]
[BlackElo "1885"]
[PlyCount "59"]
[EventDate "2025.03.01"]
[EventType "swiss (rapid)"]
[EventRounds "11"]
[EventCountry "ENG"]
[SourceTitle "BritBase"]
[Source "John Saunders"]
[SourceDate "2025.03.03"]
[SourceVersion "1"]
[SourceVersionDate "2025.03.03"]
[SourceQuality "2"]

1. c4 d6 2. Nc3 Nf6 3. Nf3 g6 4. d4 Bg7 5. e4 O-O 6. Bd3 Nbd7 7. O-O e5 8. d5 a5 9. Bc2 Nh5 10. a3 Nf4 11. Re1 Nf6 12. c5 Bg4 13. cxd6 cxd6 14. h3 Bh5 15. Be3 h6 16. Kh2 g5 17. g4 Nxg4+ 18. hxg4 Bxg4 19. Rg1 Bh5 20. Rg3 g4 21. Nd2 Bf6 22. Rxg4+ Bxg4 23. Qxg4+ Bg5 24. Bxf4 exf4 25. e5 Qb6 26. Nde4 dxe5 27. Nxg5 Qxf2+ 28. Kh1 hxg5 29. Qxg5+ Kh8 30. Qh6+ 1-0

[Event "British Rapidplay"]
[Site "Peterborough"]
[Date "2025.03.01"]
[Round "2.52"]
[White "Martyn, Rafe"]
[Black "Sanitt, Ethan"]
[Result "1-0"]
[WhiteElo "2201"]
[BlackElo "2102"]
[PlyCount "47"]
[EventDate "2025.03.01"]
[EventType "swiss (rapid)"]
[EventRounds "11"]
[EventCountry "ENG"]
[SourceTitle "BritBase"]
[Source "John Saunders"]
[SourceDate "2025.03.03"]
[SourceVersion "1"]
[SourceVersionDate "2025.03.03"]
[SourceQuality "2"]

1. e4 e6 2. d4 d5 3. exd5 exd5 4. Nf3 Bg4 5. h3 Bh5 6. Qe2+ Qe7 7. Be3 c6 8. Nc3 Nd7 9. O-O-O O-O-O 10. g4 Bg6 11. Ne5 Nxe5 12. dxe5 Qxe5 13. f4 Qf6 14. f5 d4 15. Ne4 Qe5 16. Bd2 Ba3 17. Qd3 Qd5 18. Qxa3 Qxe4 19. Bd3 Qd5 20. Qxa7 Qd6 21. Rhf1 Nf6 22. Bf4 Qb4 23. a3 Qe7 24. Rfe1 1-0

[Event "British Rapidplay"]
[Site "Peterborough"]
[Date "2025.03.01"]
[Round "2.53"]
[White "Pyda, Arjun"]
[Black "Eckersley-Waites, Adam"]
[Result "0-1"]
[WhiteElo "1819"]
[BlackElo "2247"]
[PlyCount "64"]
[EventDate "2025.03.01"]
[EventType "swiss (rapid)"]
[EventRounds "11"]
[EventCountry "ENG"]
[SourceTitle "BritBase"]
[Source "John Saunders"]
[SourceDate "2025.03.03"]
[SourceVersion "1"]
[SourceVersionDate "2025.03.03"]
[SourceQuality "2"]

1. e4 c5 2. Nf3 d6 3. d4 cxd4 4. Nxd4 Nf6 5. Nc3 Nc6 6. Bb5 Bd7 7. Be3 g6 8. f3 Bg7 9. Qd2 O-O 10. Bc4 Rc8 11. Bb3 Ne5 12. h4 h5 13. O-O-O Nc4 14. Bxc4 Rxc4 15. Kb1 Re8 16. Nde2 Qa5 17. Rdg1 Rec8 18. Rd1 Qa6 19. Rhe1 b5 20. Bd4 Be6 21. b3 b4 22. Na4 Rxc2 23. Qxc2 Rxc2 24. Kxc2 d5 25. e5 Nd7 26. Nf4 Bf5+ 27. Kb2 e6 28. g3 Bh6 29. Rd2 Nb8 30. Rc1 Nc6 31. Nc5 Qa3+ 32. Ka1 Qxc1# 0-1

[Event "British Rapidplay"]
[Site "Peterborough"]
[Date "2025.03.01"]
[Round "2.57"]
[White "Patel, Zain"]
[Black "Mehta, Sophie"]
[Result "1-0"]
[WhiteElo "2079"]
[BlackElo "1682"]
[PlyCount "51"]
[EventDate "2025.03.01"]
[EventType "swiss (rapid)"]
[EventRounds "11"]
[EventCountry "ENG"]
[SourceTitle "BritBase"]
[Source "John Saunders"]
[SourceDate "2025.03.03"]
[SourceVersion "1"]
[SourceVersionDate "2025.03.03"]
[SourceQuality "2"]

1. d4 Nf6 2. Nf3 g6 3. c4 Bg7 4. Nc3 d6 5. e4 Nc6 6. Be2 O-O 7. O-O Nd7 8. Re1 e5 9. Bg5 Qe8 10. Nb5 f6 11. Nxc7 Qf7 12. Be3 Rb8 13. dxe5 Ndxe5 14. Qd5 Qxd5 15. cxd5 Nb4 16. Bxa7 Nc2 17. Bxb8 Nxe1 18. Rxe1 Nxf3+ 19. Bxf3 Bd7 20. Ba7 Rc8 21. Bb6 f5 22. exf5 Bxf5 23. Re8+ Rxe8 24. Nxe8 Be5 25. Bc7 Bxb2 26. Nxd6 1-0

[Event "British Rapidplay"]
[Site "Peterborough"]
[Date "2025.03.01"]
[Round "2.58"]
[White "Barton, Ben"]
[Black "Hutchinson, Paul A"]
[Result "0-1"]
[WhiteElo "1857"]
[BlackElo "2054"]
[PlyCount "112"]
[EventDate "2025.03.01"]
[EventType "swiss (rapid)"]
[EventRounds "11"]
[EventCountry "ENG"]
[SourceTitle "BritBase"]
[Source "John Saunders"]
[SourceDate "2025.03.03"]
[SourceVersion "1"]
[SourceVersionDate "2025.03.03"]
[SourceQuality "2"]

1. e4 d5 2. Nc3 dxe4 3. Nxe4 Nf6 4. Ng5 h6 5. Nxf7 Kxf7 6. Nf3 Nc6 7. d4 Bg4 8. Bd3 Kg8 9. c3 Qd5 10. b3 Bxf3 11. gxf3 e6 12. Be3 Qd7 13. Qc2 Nd5 14. Bd2 a5 15. Rg1 a4 16. b4 Ncxb4 17. cxb4 Nxb4 18. Qc4 b5 19. Qc3 c5 20. Be4 Rc8 21. Qb2 a3 22. Qxa3 Qxd4 23. Rd1 Qxe4+ 24. fxe4 Nc2+ 25. Ke2 Nxa3 26. Rg3 b4 27. Rc1 Rd8 28. Be3 Nb5 29. Bxc5 Nc3+ 30. Rgxc3 bxc3 31. Be3 Rc8 32. a4 c2 33. Ra1 Bc5 34. Bd2 Kh7 35. f3 Bd4 36. Rf1 Rhd8 37. a5 Bc3 38. Bc1 Bxa5 39. f4 Rd4 40. Bb2 Rxe4+ 41. Kd3 Rb4 42. Bc1 Rb3+ 43. Ke4 Bc3 44. f5 exf5+ 45. Rxf5 Bb2 46. Bf4 Rc4+ 47. Kd5 Rb5+ 48. Ke6 Rxf5 49. Bd6 c1=Q 50. h4 Rb5 51. h5 Qe3+ 52. Kd7 Rb7+ 53. Kd8 Bf6+ 54. Be7 Qd4+ 55. Ke8 Qd7+ 56. Kf7 Qxe7# 0-1

[Event "British Rapidplay"]
[Site "Peterborough"]
[Date "2025.03.01"]
[Round "2.59"]
[White "Siva, Mahadevan"]
[Black "Davis, Joshua"]
[Result "1-0"]
[WhiteElo "2369"]
[BlackElo "1716"]
[PlyCount "35"]
[EventDate "2025.03.01"]
[EventType "swiss (rapid)"]
[EventRounds "11"]
[EventCountry "ENG"]
[SourceTitle "BritBase"]
[Source "John Saunders"]
[SourceDate "2025.03.03"]
[SourceVersion "1"]
[SourceVersionDate "2025.03.03"]
[SourceQuality "2"]

1. d4 Nf6 2. Nf3 e6 3. Bg5 Be7 4. Nbd2 b6 5. e4 Bb7 6. Bd3 O-O 7. Qe2 c5 8. e5 Nd5 9. Qe4 g6 10. Qh4 f6 11. exf6 Bxf6 12. Ne4 Qe7 13. Nxf6+ Nxf6 14. Ne5 d6 15. Ng4 Nbd7 16. dxc5 bxc5 17. O-O Qf7 18. Nh6+ 1-0

[Event "British Rapidplay"]
[Site "Peterborough"]
[Date "2025.03.01"]
[Round "2.61"]
[White "Jermy, Jaden"]
[Black "Rogowski, Rafal"]
[Result "1-0"]
[WhiteElo "2001"]
[BlackElo "1705"]
[PlyCount "121"]
[EventDate "2025.03.01"]
[EventType "swiss (rapid)"]
[EventRounds "11"]
[EventCountry "ENG"]
[SourceTitle "BritBase"]
[Source "John Saunders"]
[SourceDate "2025.03.03"]
[SourceVersion "1"]
[SourceVersionDate "2025.03.03"]
[SourceQuality "2"]

1. Nf3 Nf6 2. g3 c5 3. Bg2 Nc6 4. d4 d5 5. O-O e6 6. c4 dxc4 7. Qa4 Bd7 8. Qxc4 cxd4 9. Nxd4 Nxd4 10. Qxd4 Bc6 11. Bxc6+ bxc6 12. Qa4 Qc7 13. Bf4 Bd6 14. Bxd6 Qxd6 15. Na3 O-O 16. Rfd1 Qe5 17. Qc2 Rfd8 18. Nc4 Qc5 19. Rac1 Ng4 20. Ne3 Rxd1+ 21. Rxd1 Qh5 22. Nxg4 Qxg4 23. Qxc6 Rf8 24. f3 Qb4 25. b3 h6 26. Kf2 Qa3 27. Qc2 Qa5 28. a4 Qb6+ 29. Kg2 Rb8 30. Rd3 a5 31. Qc4 Qa7 32. h4 Qe7 33. Qa6 Qc7 34. Qd6 Qa7 35. Qc6 Qe7 36. Rd7 Qf6 37. Rd3 Qe7 38. Qc4 Qa7 39. Qe4 Qe7 40. Qe5 Qa7 41. Qe3 Qe7 42. Rc3 Rd8 43. Qc5 Qf6 44. Qxa5 Rb8 45. Re3 Qd4 46. Qc3 Qf6 47. Qxf6 gxf6 48. Rc3 Kf8 49. Kf2 Ke8 50. Ke3 Kd7 51. Kd4 Rg8 52. g4 Rb8 53. Kc4 Kc6 54. b4 Kd6 55. a5 Kc6 56. Kb3+ Kb7 57. b5 Ra8 58. Kb4 Rd8 59. a6+ Kb8 60. b6 Rd7 61. Rd3 1-0

[Event "British Rapidplay"]
[Site "Peterborough"]
[Date "2025.03.01"]
[Round "2.62"]
[White "Watkinson, Phil K"]
[Black "Surtees, Michael J"]
[Result "0-1"]
[WhiteElo "1775"]
[BlackElo "2099"]
[PlyCount "76"]
[EventDate "2025.03.01"]
[EventType "swiss (rapid)"]
[EventRounds "11"]
[EventCountry "ENG"]
[SourceTitle "BritBase"]
[Source "John Saunders"]
[SourceDate "2025.03.03"]
[SourceVersion "1"]
[SourceVersionDate "2025.03.03"]
[SourceQuality "2"]

1. d4 g6 2. c4 Bg7 3. Nc3 d6 4. e4 a6 5. Nf3 Bg4 6. Be2 Nc6 7. Be3 Bxf3 8. Bxf3 e5 9. d5 Nce7 10. g4 h6 11. Qd2 Qd7 12. h4 Nf6 13. Rg1 h5 14. gxh5 Nxh5 15. O-O-O Nf4 16. Rh1 f5 17. Rdg1 Bh6 18. h5 g5 19. Bxf4 exf4 20. exf5 Nxf5 21. Re1+ Kf8 22. Ne4 Qg7 23. Bg4 Nh4 24. Nc3 b5 25. cxb5 axb5 26. Kb1 Qh7+ 27. Ka1 Bg7 28. Rxh4 b4 29. Ne4 b3 30. Nc3 Bxc3 31. bxc3 Rxa2+ 32. Qxa2 bxa2 33. Rh3 Qc2 34. Be2 Qd2 35. Rhh1 Qxc3+ 36. Kxa2 Kf7 37. h6 Ra8+ 38. Kb1 Ra1# 0-1

[Event "British Rapidplay"]
[Site "Peterborough"]
[Date "2025.03.01"]
[Round "2.63"]
[White "Vashisht-Pigem, Raman"]
[Black "Suganya, Yugan"]
[Result "1-0"]
[WhiteElo "1965"]
[BlackElo "1770"]
[PlyCount "85"]
[EventDate "2025.03.01"]
[EventType "swiss (rapid)"]
[EventRounds "11"]
[EventCountry "ENG"]
[SourceTitle "BritBase"]
[Source "John Saunders"]
[SourceDate "2025.03.03"]
[SourceVersion "1"]
[SourceVersionDate "2025.03.03"]
[SourceQuality "2"]

1. e4 c5 2. Nf3 d6 3. Bb5+ Nc6 4. O-O Nf6 5. Re1 g6 6. c3 Bg7 7. d4 cxd4 8. cxd4 O-O 9. h3 a6 10. Bf1 h5 11. Nc3 b5 12. Bf4 Bb7 13. e5 dxe5 14. dxe5 Nh7 15. Rc1 e6 16. Ne4 Qd5 17. Qxd5 exd5 18. Nd6 Nd8 19. Ng5 Bh6 20. Nxh7 Bxf4 21. Nxf8 Bxc1 22. Rxc1 Kxf8 23. Rc7 Rb8 24. Be2 Ba8 25. Ra7 Bb7 26. Bf3 Ra8 27. Rxb7 Nxb7 28. Nxb7 d4 29. Nd6 Ra7 30. Bd5 d3 31. Kf1 Rc7 32. Ke1 Rc2 33. Bxf7 Kg7 34. e6 Kh6 35. f3 Rxg2 36. Kd1 Re2 37. Ne4 Kg7 38. Nc5 Rxb2 39. Nxd3 Rxa2 40. Nf4 Ra3 41. Bxg6 Re3 42. Bxh5 Kf6 43. Nd5+ 1-0

[Event "British Rapidplay"]
[Site "Peterborough"]
[Date "2025.03.01"]
[Round "2.64"]
[White "Zajaczkowski, Marek"]
[Black "Sajanani, Vikas"]
[Result "0-1"]
[WhiteElo "1710"]
[BlackElo "1902"]
[PlyCount "90"]
[EventDate "2025.03.01"]
[EventType "swiss (rapid)"]
[EventRounds "11"]
[EventCountry "ENG"]
[SourceTitle "BritBase"]
[Source "John Saunders"]
[SourceDate "2025.03.03"]
[SourceVersion "1"]
[SourceVersionDate "2025.03.03"]
[SourceQuality "2"]

1. e4 c6 2. d4 d5 3. f3 g6 4. Bd3 dxe4 5. fxe4 Qxd4 6. Nf3 Qb6 7. Nbd2 Qe3+ 8. Qe2 Qxe2+ 9. Bxe2 Nf6 10. O-O Bg7 11. e5 Nd5 12. Nc4 O-O 13. c3 Bg4 14. Bd2 Nd7 15. Rae1 a5 16. Nd4 Bxe2 17. Rxe2 b5 18. Ne3 Nxe5 19. Nxd5 cxd5 20. Bf4 Nc4 21. b3 e5 22. Nxb5 exf4 23. bxc4 dxc4 24. Rxf4 a4 25. Rxc4 Rfb8 26. Nd6 Rb1+ 27. Kf2 Bf8 28. Rc8 Rxc8 29. Nxc8 a3 30. Ke3 Rb8 31. Kd3 Rxc8 32. c4 Bb4 33. Rc2 Rd8+ 34. Ke3 Bc5+ 35. Ke2 Rd4 36. h3 h5 37. Rc3 h4 38. Rc2 Kg7 39. Kf3 Kf6 40. Ke2 Kg5 41. Rc3 Rf4 42. Kd3 Rd4+ 43. Ke2 f5 44. g3 Re4+ 45. Kd2 Bb4 0-1

[Event "British Rapidplay"]
[Site "Peterborough"]
[Date "2025.03.01"]
[Round "2.66"]
[White "Blair, Jimmy"]
[Black "Brocklehurst, Andrew"]
[Result "0-1"]
[WhiteElo "1648"]
[BlackElo "1856"]
[PlyCount "58"]
[EventDate "2025.03.01"]
[EventType "swiss (rapid)"]
[EventRounds "11"]
[EventCountry "ENG"]
[SourceTitle "BritBase"]
[Source "John Saunders"]
[SourceDate "2025.03.03"]
[SourceVersion "1"]
[SourceVersionDate "2025.03.03"]
[SourceQuality "2"]

1. g3 Nf6 2. Bg2 g6 3. b3 Bg7 4. Bb2 O-O 5. d3 d6 6. e3 e5 7. Nd2 c6 8. Ne2 Bg4 9. h3 Be6 10. g4 Qc7 11. Ng3 d5 12. g5 Nfd7 13. Qe2 a5 14. a3 Na6 15. h4 b5 16. h5 Rac8 17. e4 d4 18. hxg6 fxg6 19. Bh3 Qd6 20. Bxe6+ Qxe6 21. O-O-O c5 22. f3 Bh8 23. Rh4 Rf7 24. Rdh1 a4 25. Qh2 Nf8 26. Rh6 axb3 27. Nf5 c4 28. Rxh7 Rxh7 29. Nh6+ Kg7 0-1

[Event "British Rapidplay"]
[Site "Peterborough"]
[Date "2025.03.01"]
[Round "2.67"]
[White "Rughani, Mahin"]
[Black "Boganadham, Ved Sudeep"]
[Result "1-0"]
[WhiteElo "1907"]
[BlackElo "1649"]
[PlyCount "83"]
[EventDate "2025.03.01"]
[EventType "swiss (rapid)"]
[EventRounds "11"]
[EventCountry "ENG"]
[SourceTitle "BritBase"]
[Source "John Saunders"]
[SourceDate "2025.03.03"]
[SourceVersion "1"]
[SourceVersionDate "2025.03.03"]
[SourceQuality "2"]

1. d4 Nf6 2. c4 g6 3. f3 Bg7 4. e4 d6 5. Nc3 Nfd7 6. Nge2 e5 7. d5 Bh6 8. Ng3 Bxc1 9. Rxc1 a5 10. a3 Na6 11. Be2 O-O 12. O-O f5 13. exf5 gxf5 14. Qd2 f4 15. Nge4 Nac5 16. Bd1 Nxe4 17. Nxe4 Nf6 18. Bc2 Nxe4 19. Bxe4 Qf6 20. c5 Rf7 21. Rc2 Rg7 22. cxd6 cxd6 23. Rfc1 Bh3 24. Kh1 Bxg2+ 25. Qxg2 Rxg2 26. Rxg2+ Kf8 27. Bxh7 Re8 28. Rc7 Re7 29. Rc8+ Re8 30. Rg8+ Kf7 31. Rcxe8 Qh4 32. Bg6+ Kf6 33. Ref8+ Kg5 34. Be4+ Kh6 35. Rh8+ Kg7 36. Rfg8+ Kf6 37. Rg6+ Ke7 38. Rxh4 b5 39. Rh7+ Kf8 40. Rxd6 Ke8 41. Bg6+ Kf8 42. Rd8# 1-0

[Event "British Rapidplay"]
[Site "Peterborough"]
[Date "2025.03.01"]
[Round "2.69"]
[White "Mylovanov, Volodymyr"]
[Black "Ben-Eshak, Djad"]
[Result "1-0"]
[WhiteElo "1821"]
[BlackElo "1597"]
[PlyCount "107"]
[EventDate "2025.03.01"]
[EventType "swiss (rapid)"]
[EventRounds "11"]
[EventCountry "ENG"]
[SourceTitle "BritBase"]
[Source "John Saunders"]
[SourceDate "2025.03.03"]
[SourceVersion "1"]
[SourceVersionDate "2025.03.03"]
[SourceQuality "2"]

1. e4 e6 2. d4 d5 3. exd5 exd5 4. Nf3 Nf6 5. Bd3 Bd6 6. O-O O-O 7. c4 c6 8. Bg5 Bg4 9. Nbd2 Nbd7 10. Qc2 Qc7 11. c5 Bf4 12. Rfe1 Bxd2 13. Nxd2 Rfe8 14. Bh4 Rxe1+ 15. Rxe1 Re8 16. Bxh7+ Kf8 17. Rxe8+ Kxe8 18. Bd3 Qd8 19. h3 Be6 20. Nf3 Qa5 21. a3 Nh5 22. Bf5 Nf4 23. Bxe6 Nxe6 24. Qe2 Kf8 25. Bg3 Nf6 26. Qe5 Qd8 27. Bh4 Kg8 28. b4 a5 29. Ng5 Nxg5 30. Bxg5 axb4 31. axb4 Qa8 32. Bxf6 gxf6 33. Qxf6 Qa1+ 34. Kh2 Qc3 35. Qg5+ Kh7 36. Qh4+ Kg8 37. Qg3+ Qxg3+ 38. Kxg3 Kg7 39. Kf4 Kf6 40. h4 Ke7 41. g4 f6 42. Kf5 Kf7 43. f4 Ke7 44. h5 Kf7 45. g5 fxg5 46. fxg5 Kg7 47. Ke6 Kf8 48. Kf6 Kg8 49. g6 Kh8 50. h6 Kg8 51. h7+ Kh8 52. Kf7 b6 53. g7+ Kxh7 54. g8=Q+ 1-0

[Event "British Rapidplay"]
[Site "Peterborough"]
[Date "2025.03.01"]
[Round "2.70"]
[White "Ward, Andrew"]
[Black "Yu, Robin"]
[Result "1-0"]
[WhiteElo "1894"]
[BlackElo "1628"]
[PlyCount "109"]
[EventDate "2025.03.01"]
[EventType "swiss (rapid)"]
[EventRounds "11"]
[EventCountry "ENG"]
[SourceTitle "BritBase"]
[Source "John Saunders"]
[SourceDate "2025.03.03"]
[SourceVersion "1"]
[SourceVersionDate "2025.03.03"]
[SourceQuality "2"]

1. c4 c5 2. Nc3 Nc6 3. g3 g6 4. Bg2 Bg7 5. e4 e5 6. Nge2 Nge7 7. d3 O-O 8. O-O h6 9. a3 d6 10. Rb1 a5 11. Nb5 Na7 12. Nec3 Nxb5 13. Nxb5 Nc6 14. Bd2 Nd4 15. Nxd4 exd4 16. b4 b6 17. bxc5 dxc5 18. Qb3 Rb8 19. Bxa5 Be6 20. Bd2 b5 21. Bf4 Rb6 22. Qc2 b4 23. axb4 cxb4 24. Bd2 Qe7 25. Rb3 Rfb8 26. Rfb1 Kh7 27. Qb2 Qd7 28. Qc1 Bf8 29. Qe1 Qa4 30. Qd1 g5 31. Ra1 Qd7 32. Ra2 Bc5 33. Qa1 R6b7 34. Qc1 Ra7 35. Rab2 Qa4 36. f4 g4 37. f5 Bd7 38. Bxh6 Be7 39. Bg5 f6 40. Bf4 Rb6 41. Qd1 Qa1 42. Rb1 Qa2 43. Qxg4 Be8 44. Qh4+ Kg8 45. e5 fxe5 46. Bd5+ Bf7 47. Qg4+ Kf8 48. Bxf7 Kxf7 49. Bxe5 Bf6 50. Qg6+ Ke7 51. Bxf6+ Rxf6 52. Re1+ Kd7 53. Qg7+ Kd6 54. Qxf6+ Kc5 55. Re5# 1-0

[Event "British Rapidplay"]
[Site "Peterborough"]
[Date "2025.03.01"]
[Round "2.72"]
[White "Cheng, Louis"]
[Black "Keshari, Rohit"]
[Result "1-0"]
[WhiteElo "2015"]
[BlackElo "1636"]
[PlyCount "79"]
[EventDate "2025.03.01"]
[EventType "swiss (rapid)"]
[EventRounds "11"]
[EventCountry "ENG"]
[SourceTitle "BritBase"]
[Source "John Saunders"]
[SourceDate "2025.03.03"]
[SourceVersion "1"]
[SourceVersionDate "2025.03.03"]
[SourceQuality "2"]

1. e4 e6 2. d4 d5 3. Nd2 f5 4. exd5 exd5 5. Ngf3 Nf6 6. Bd3 Bd6 7. O-O O-O 8. c3 c6 9. Re1 Ne4 10. Qb3 Kh8 11. c4 Nd7 12. cxd5 cxd5 13. Qxd5 Ndf6 14. Qb3 Re8 15. Nxe4 fxe4 16. Ng5 Re7 17. Bxe4 h6 18. Nf7+ Rxf7 19. Qxf7 Qc7 20. Qxc7 Bxc7 21. Bf3 Bg4 22. Bxg4 Nxg4 23. h3 Nf6 24. Be3 a6 25. Rac1 Bd6 26. Rc2 Nd5 27. Rec1 Ne7 28. g3 Kg8 29. Bf4 Bxf4 30. gxf4 Nc6 31. d5 Ne7 32. Rd1 Rd8 33. Rc7 Rxd5 34. Rxd5 Nxd5 35. Rxb7 Nxf4 36. Kh2 Nd3 37. Kg3 Nc5 38. Rb6 Kf7 39. b4 Nd3 40. a3 1-0

[Event "British Rapidplay"]
[Site "Peterborough"]
[Date "2025.03.01"]
[Round "2.74"]
[White "Mehrafarin, Amirabbas"]
[Black "Bellano, Harry"]
[Result "1-0"]
[WhiteElo "1814"]
[BlackElo "1654"]
[PlyCount "51"]
[EventDate "2025.03.01"]
[EventType "swiss (rapid)"]
[EventRounds "11"]
[EventCountry "ENG"]
[SourceTitle "BritBase"]
[Source "John Saunders"]
[SourceDate "2025.03.03"]
[SourceVersion "1"]
[SourceVersionDate "2025.03.03"]
[SourceQuality "2"]

1. e4 e5 2. Nf3 Nc6 3. Bc4 Bc5 4. c3 Nf6 5. O-O d6 6. d4 exd4 7. cxd4 Bb6 8. Nc3 O-O 9. h3 h6 10. e5 dxe5 11. dxe5 Nh7 12. Bf4 Bf5 13. Nd5 Re8 14. Qd2 g5 15. Bh2 Be4 16. Rfe1 Bxf3 17. gxf3 Ba5 18. Qc2 Bxe1 19. Rxe1 Nd4 20. Qe4 c5 21. Ne3 Nf6 22. Qg6+ Kh8 23. Qxh6+ Nh7 24. Kg2 Qd7 25. Bd3 Re6 26. Qxh7# 1-0

[Event "British Rapidplay"]
[Site "Peterborough"]
[Date "2025.03.01"]
[Round "2.76"]
[White "Holmes, David P"]
[Black "Lee, Yuk Hei"]
[Result "0-1"]
[WhiteElo "1736"]
[BlackElo "1877"]
[PlyCount "78"]
[EventDate "2025.03.01"]
[EventType "swiss (rapid)"]
[EventRounds "11"]
[EventCountry "ENG"]
[SourceTitle "BritBase"]
[Source "John Saunders"]
[SourceDate "2025.03.03"]
[SourceVersion "1"]
[SourceVersionDate "2025.03.03"]
[SourceQuality "2"]

1. b4 d5 2. b5 Nf6 3. a4 a6 4. Bb2 Bf5 5. e3 e6 6. c4 c5 7. Nf3 Be7 8. d3 O-O 9. Nbd2 Nbd7 10. Be2 Bd6 11. h3 Bg6 12. O-O Qc7 13. Re1 Rfd8 14. Nf1 dxc4 15. dxc4 Nf8 16. Qb3 e5 17. Nh4 Qe7 18. Nxg6 Nxg6 19. Ng3 Nh4 20. e4 b6 21. Qe3 h6 22. Bf3 Qe6 23. Nf5 Nxf3+ 24. Qxf3 Bf8 25. Rac1 axb5 26. axb5 g6 27. Ng3 Bg7 28. Ne2 Ra4 29. Qb3 Rb4 30. Qc2 Ra8 31. f4 Nh5 32. g3 Qxh3 33. Kf2 exf4 34. Nxf4 Nxf4 35. gxf4 Rxb2 36. Qxb2 Bxb2 37. Rh1 Qg4 38. Rcg1 Bd4+ 39. Kf1 Ra1# 0-1

[Event "British Rapidplay"]
[Site "Peterborough"]
[Date "2025.03.01"]
[Round "2.77"]
[White "Fearnhead, Benjamin"]
[Black "Patel, Ananya"]
[Result "1-0"]
[WhiteElo "1881"]
[BlackElo "1531"]
[PlyCount "31"]
[EventDate "2025.03.01"]
[EventType "swiss (rapid)"]
[EventRounds "11"]
[EventCountry "ENG"]
[SourceTitle "BritBase"]
[Source "John Saunders"]
[SourceDate "2025.03.03"]
[SourceVersion "1"]
[SourceVersionDate "2025.03.03"]
[SourceQuality "2"]

1. Nc3 c6 2. e4 d5 3. Qf3 dxe4 4. Nxe4 Be6 5. Ne2 Nf6 6. Nf4 Bf5 7. Nxf6+ exf6 8. Bc4 Be7 9. Nh5 Bg6 10. Nxg7+ Kf8 11. Nf5 Bc5 12. O-O Nd7 13. d4 Bb6 14. Bh6+ Kg8 15. Rfe1 Nf8 16. Ne7+ 1-0

[Event "British Rapidplay"]
[Site "Peterborough"]
[Date "2025.03.01"]
[Round "2.79"]
[White "Halpin, David"]
[Black "Bevis, Noah"]
[Result "0-1"]
[WhiteElo "1563"]
[BlackElo "1777"]
[PlyCount "58"]
[EventDate "2025.03.01"]
[EventType "swiss (rapid)"]
[EventRounds "11"]
[EventCountry "ENG"]
[SourceTitle "BritBase"]
[Source "John Saunders"]
[SourceDate "2025.03.03"]
[SourceVersion "1"]
[SourceVersionDate "2025.03.03"]
[SourceQuality "2"]

1. c4 g6 2. Nc3 Bg7 3. d4 Nf6 4. Bf4 d6 5. e3 O-O 6. h3 Nbd7 7. Nf3 Re8 8. Bd3 b6 9. Qe2 Bb7 10. O-O e5 11. dxe5 dxe5 12. Bh2 e4 13. Nxe4 Bxe4 14. Bxe4 Rxe4 15. Nd2 Re8 16. Nf3 Rc8 17. Rad1 Qe7 18. Rfe1 Red8 19. a3 Nf8 20. Nd4 c6 21. b4 Ne6 22. Nxe6 Qxe6 23. f4 h5 24. Rf1 Rxd1 25. Rxd1 Re8 26. Rd3 Qxc4 27. Qd1 Nd5 28. Kf2 Nc3 29. Qc2 Ne4+ 0-1

[Event "British Rapidplay"]
[Site "Peterborough"]
[Date "2025.03.01"]
[Round "2.80"]
[White "Ekram, Itmam"]
[Black "Walker, Heather Enid"]
[Result "1-0"]
[WhiteElo "1610"]
[BlackElo "1519"]
[PlyCount "69"]
[EventDate "2025.03.01"]
[EventType "swiss (rapid)"]
[EventRounds "11"]
[EventCountry "ENG"]
[SourceTitle "BritBase"]
[Source "John Saunders"]
[SourceDate "2025.03.03"]
[SourceVersion "1"]
[SourceVersionDate "2025.03.03"]
[SourceQuality "2"]

1. e4 d5 2. exd5 Nf6 3. Nc3 Nxd5 4. Nxd5 Qxd5 5. Nf3 Bg4 6. Be2 Nc6 7. h3 Bxf3 8. Bxf3 Qe6+ 9. Qe2 Nd4 10. Qxe6 Nxe6 11. Bxb7 Rb8 12. Bc6+ Kd8 13. c3 Rb6 14. Bf3 Ng5 15. Be2 e6 16. d3 Be7 17. O-O h6 18. Rb1 Bf6 19. Be3 Rb7 20. Rfd1 Ke7 21. Bc5+ Kd7 22. Be3 e5 23. Bg4+ Ne6 24. d4 h5 25. dxe5+ Ke8 26. Bxe6 fxe6 27. exf6 gxf6 28. Rd2 Rh7 29. Rbd1 Rb8 30. Bxa7 Ra8 31. Be3 Rc8 32. a4 Ra8 33. a5 Rxa5 34. Rd8+ Ke7 35. R1d7# 1-0

[Event "British Rapidplay"]
[Site "Peterborough"]
[Date "2025.03.01"]
[Round "3.1"]
[White "Maroroa Jones, Gawain C B"]
[Black "Fellowes, Billy"]
[Result "1-0"]
[WhiteElo "2654"]
[BlackElo "2203"]
[PlyCount "55"]
[EventDate "2025.03.01"]
[EventType "swiss (rapid)"]
[EventRounds "11"]
[EventCountry "ENG"]
[SourceTitle "BritBase"]
[Source "John Saunders"]
[SourceDate "2025.03.03"]
[SourceVersion "1"]
[SourceVersionDate "2025.03.03"]
[SourceQuality "2"]

1. e4 Nc6 2. Nf3 d6 3. d4 Nf6 4. Nc3 g6 5. Be3 Bg7 6. Qd2 O-O 7. d5 Nb8 8. Bh6 e5 9. Bg5 Nbd7 10. h3 Nc5 11. Qe3 Re8 12. Bc4 c6 13. a4 cxd5 14. Bxf6 Bxf6 15. Nxd5 Be6 16. a5 Bxd5 17. Bxd5 Qc7 18. O-O Ne6 19. a6 Rab8 20. Bxe6 fxe6 21. Qxa7 Qxc2 22. Rfc1 Qxe4 23. Rc7 Qd5 24. axb7 Qb5 25. Qxb8 Rxb8 26. Rc8+ Kg7 27. Rxb8 e4 28. Rba8 1-0